| 000 | 02039nam a2200337 i 4500 | ||
|---|---|---|---|
| 001 | 000017723 | ||
| 003 | DO-SdBNP | ||
| 005 | 20250410133512.0 | ||
| 007 | ta | ||
| 008 | 100330s1996 dr ac 000 0 spa d | ||
| 040 |
_aDO-SdBNP _bspa _cBNPHU _erda |
||
| 082 | 4 |
_a972.93053 _bA657t _222 |
|
| 100 | 1 |
_aAquino García, Miguel, _eautor _4aut. _927800 |
|
| 245 | 1 | 0 |
_aTres heroínas y un tirano : _bla historia verídica de las hermanas Mirabal y su asesinato por Rafael Leonidas Trujillo / _cMiguel Aquino García. |
| 264 | 4 |
_aSanto Domingo : _bEditora Corripio, _c1996. |
|
| 300 |
_a191 páginas : _bilustraciones, retratos ; _c23 cm. |
||
| 336 |
_atexto _btxt _2rdacontent |
||
| 337 |
_asin mediación _bn _2rdamedia |
||
| 338 |
_avolumen _bnc _2rdacarrier |
||
| 500 | _aIncluye datos biográficos del autor en la solapa de la contracubierta | ||
| 505 | 0 |
_aIntroducción -- _tEl nacimiento de un ideal en el seno de una familia -- _tBuscando la luz en las tinieblas de una tiranía -- _tEl carácter de las hermanas y su definición ideológica -- _tUna fiesta para recordar Minerva frente a frente a Trujillo -- _tLa hora de la verdad un dictador que no olvidaba -- _tLa materialización de un gran sueño -- _tMinerva organiza la resistencia clandestina la lucha antitrujillista de las hermanas -- _tLos encarcelamientos de Minerva y María Teresa, develamiento del movimiento y las redadas -- _tLa maquinación de un horrendo crimen en el anochecer de una dictadura -- _tEl asesinato de tres heroínas -- _tEl legado de las hermanas Mirabal. |
|
| 590 | _aInventariado, 2020/BT | ||
| 600 | 1 | 0 |
_a Mirabal, Minerva, _d1926-1960 _9919 |
| 600 | 1 | 0 |
_aMirabal, Patria, _d1924-1960 _945420 |
| 600 | 1 | 0 |
_aMirabal, Maria Teresa, _d1935-1960 _945421 |
| 650 | 4 |
_aAsesinato _zRepública Dominicana _xHistoria _ySiglo XX _938574 |
|
| 650 | 4 |
_aPersecuciones politicas _zRepública Dominicana _xHistoria _ySiglo XX _938575 |
|
| 651 | 4 |
_aRepública Dominicana _xPolítica y gobierno _y1930-1961 _9479 |
|
| 910 | _aValidado. Control de calidad MFF | ||
| 942 |
_2ddc _cLBS1 |
||
| 999 |
_c17248 _d17248 |
||